Соседние страны НАТО - Statistics

General Stats
  • This quiz has been taken 1 283 times
    1 272 since last reset
  • The average score is 15 of 25
Answer Stats
Соседи Cтраны % Correct
Норвегия, Польша, +3 Россия
95%
Roumanie, Pologne, +2 Украина
89%
Польша, Латвия, Литва Беларусь
85%
Соединенные Штаты Мексика
80%
Хорватия, Румыния, +4 Сербия
78%
Турция Армения
71%
Финляндия, Норвегия Швеция
71%
Турция Грузия
67%
Германия, Италия, +5 Австрия
64%
Румыния Молдова
63%
Турция Азербайджан
62%
Турция Сирия
61%
Италия Ватикан
61%
Турция Ирак
60%
Турция Иран
59%
Испания, Франция Андорра
58%
Великобритания Ирландия
58%
Италия Сан-Марино
58%
Албания, Черногория, Северная Македония Косово
54%
Франция Монако
54%
Хорватия, Черногория Босния и Герцеговина
42%
Испания Марокко
34%
Франция Бразилия
31%
Франция Суринам
22%
France, Italie, Allemagne Швейцарский
8%
No matching quizzes found
Score Distribution
Percent of People with Each Score
Percentile by Number Answered
Your Score History
You have not taken this quiz since the last reset